| 000 | 00558nam a2200205Ia 4500 | ||
|---|---|---|---|
| 005 | 20250508162550.0 | ||
| 008 | 008 250505s9999 xx 000 0 eng d | ||
| 037 | _aTextual | ||
| 040 |
_aFEDL _beng _cFEDL |
||
| 041 |
_aeng _2eng |
||
| 084 |
_a150.195, MIR _qFEDL |
||
| 100 | _aMiri Mrinal | ||
| 245 | 0 | _aPhilosophy of psychoanalysis | |
| 260 |
_aShimla, India _bIndian Institute of Advanced Study _c1977 |
||
| 300 | _a62p. | ||
| 365 |
_aINR _b18 |
||
| 650 | _aPsychology | ||
| 942 |
_cTEXL _h150.195, MIR |
||
| 999 |
_c1377339 _d1377339 |
||